Demisia vlády z dôvodu demisie jej predsedu

Podstatné ústavnoprávne znaky demisie v podmienkach Slovenska. Spôsob podania a prijatia demisie. Kritika procesu demisie z rokov 2018 a 2021. Správny postup demisie. Fakultatívna demisia vlády. Zánik vlády z dôvodu demisie jej predsedu.

Gespeichert in:
Bibliographische Detailangaben
1. Verfasser: Giba, Marián
Format: Buchkapitel
Sprache:Slowakisch
Schlagworte:
Tags: Tag hinzufügen
Keine Tags, Fügen Sie das erste Tag hinzu!

MARC

LEADER 00000naa a2200000 4500
001 0278344
005 20211202120501.0
041 0 |a slo 
044 |a SK 
245 1 0 |a Demisia vlády z dôvodu demisie jej predsedu  |c Marián Giba 
520 |a Podstatné ústavnoprávne znaky demisie v podmienkach Slovenska. Spôsob podania a prijatia demisie. Kritika procesu demisie z rokov 2018 a 2021. Správny postup demisie. Fakultatívna demisia vlády. Zánik vlády z dôvodu demisie jej predsedu. 
610 2 0 |a vláda 
610 2 0 |a Slovensko 
610 2 0 |a prezidenti 
610 2 0 |a ústava 
100 1 |a Giba, Marián